تحت سطح العالم : (Record no. 31142)

MARC details
000 -الفاتح
حقل البيانات ثابتة الطول 00998nam a22003017i 4500
003 - محدد رقم الضبط
رقم الضبط EG-ScBUE
005 - وقت وتاريخ اخر تعامل مع التسجيلة
رقم الضبط 20260218093625.0
008 - عناصر البيانات ثابتة الطول - معلومات عامة
حقل البيانات ثابتة الطول 220731s2026 ua o f 000 0 ara d
017 ## - رقم الإيداع القانونى
رقم الإيداع القانونى 36854/2025
020 ## - الرقم الدولى المعيارى للكتب
الرقم الدولى المعيارى للكتاب 9789770940358
040 ## - مصدر الفهرسة
وكالة الفهرسة الأصلية EG-ScBUE
لغة الفهرسة ara
قواعد الوصف rda
وكالة النسخ EG-ScBUE
وكالة التعديل EG-ScBUE
043 ## - رمز المنطقة الجغرافية
رمز المنطقة الجغرافية u-at---
082 04 - رقم تصنيف ديوى العشرى
رقم الطبعة 22
رقم التصنيف 899.332
رقم المادة ل ب ي
100 1# - المدخل الرئيسى - إسم شخصى
الإسم الشخصى لبيب، غادة،
الدور مؤلف
245 10 - بيان العنوان
العنوان تحت سطح العالم :
بقية العنوان ستون يوما في أستراليا /
بيان المسئوليه,etc غادة لبيب.
250 ## - بيان الطبعة
بيان الطبعة الطبعة الأولى.
264 #1 - النشر، التوزيع
مكان الناشر او الموزع القاهرة :
اسم الناشر او الموزع دار الشروق،
تاريخ النشر أو التوزيع 2026.
300 ## - الوصف المادى
التعداد 219 صفحة :
تفاصيل ماديه اخرى للوعاء صور ؛
أبعاد الوعاء 24 سم
336 ## - نوع المحتوى
source rdacontent
Carrier Type Term نص
Content Type Code txt
337 ## - نوع الوسيط
source rdamedia
Media Type Term بدون وسيط
Media Type Code n
338 ## - نوع الحامل أو الناقل
source rdacarrier
Carrier Type Term مجلد
Carrier Type Code nc
541 ## - تبصرة المصدر المباشر للتزويد
مصدر التزويد Book Fair 2026.<br/>
650 #7 - المدخل الاضافى بالموضوع-مصطلح موضوعى
مصدر الرأس أو المصطلح BUEsh
مصطلح موضوعي أو اسم جغرافي كعنصر مدخل أدب الرحلات
651 #7 - المدخل الاضافى بالموضوع - اسم جغرافى
مصدر الرأس أو المصطلح BUEsh
الاسم الجغرافي أستراليا
التقسيم الفرعي العام وصف ورحلات
653 ## - مصطلح تكشيفى غير مقيد
Arrived date list February2026
Resource For college Arabic Literature
655 ## - مصطلح تكشيفى-نوع/شكل
التقسيم الفرعي الشكلي Reading book
942 ## - عناصر المدخل الإضافي( كوها)
مصدر التصنيف او مخطط الترفيف Dewey Decimal Classification
Holdings
حالة التراجع حالة الفقد مصدر التصنيف او خطة الترفيف حالة تلف ليس للاعارة مجموعات كوها المكان الدائم المكان الحالي موقع الترفيف تاريخ الاكتساب Source of acquisition سعر الشراء الطبيعي رقم الاستدعاء الباركود Date last seen التكلفة نوع الوعاء
    Dewey Decimal Classification     Dar Al shrok Central Library Central Library Second Floor 18/02/2026 Purchase 220.00 899.332 ل ب ي 000057550 18/02/2026 275.00 Book - Borrowing